|
|
|
|
| LEADER |
00000nas a2200000 a 4500 |
| 001 |
ssj0000165 |
| 003 |
WaSeSS |
| 005 |
20200512172242.0 |
| 006 |
m d |
| 007 |
cr n |
| 008 |
980619c19839999njubr pss 0 0eng c |
| 010 |
|
|
|a 2006264512
|
| 022 |
|
|
|y 0746-1739
|
| 035 |
|
|
|a (WaSeSS)ssj0000165
|
| 040 |
|
|
|a FQM
|b eng
|c FQM
|d AAA
|d OCLCQ
|d SBH
|d OCLCQ
|d OCLCO
|d OCLCQ
|d OCLCF
|d OCLCO
|d OCLCQ
|d OCLCO
|d OCLCQ
|d UAB
|d Z5A
|d OCLCO
|d WT2
|d OCLCQ
|d BUF
|d APUMS
|d OCLCQ
|d TOF
|d IUA
|d UEJ
|d OCLCO
|d WYU
|d U3W
|d LEAUB
|d VT2
|d OCLCQ
|d OCLCO
|d OCLCA
|d WaSeSS
|
| 042 |
|
|
|a pcc
|
| 060 |
0 |
0 |
|a W1
|b NU588
|
| 130 |
0 |
|
|a Nursing economic$ (Online)
|
| 245 |
1 |
0 |
|a Nursing economic$
|h [electronic resource]
|
| 246 |
3 |
|
|a Nursing economics
|
| 246 |
3 |
|
|a Nursing Economics and Nursing Economic$
|
| 260 |
|
|
|a [Pitman, N.J.] :
|b Jannetti Publications
|
| 310 |
|
|
|a Bimonthly
|
| 362 |
1 |
|
|a Print began with vol. 1, no. 1 (July/Aug. 1983).
|
| 506 |
|
|
|a License restrictions may limit access.
|
| 538 |
|
|
|a Mode of access: World Wide Web.
|
| 588 |
|
|
|a Description based on: Vol. 21, no. 1 (Jan.-Feb. 2003); title from PDF running title (Ovid, viewed Jan. 19, 2006).
|
| 588 |
|
|
|a Latest issue consulted: Vol. 23, issue 6 (Nov.-Dec. 2005) (InfoTrac OneFile, viewed Jan. 19, 2006).
|
| 650 |
|
0 |
|a Nursing
|x Economic aspects
|v Periodicals.
|
| 650 |
|
0 |
|a Nursing
|v Periodicals.
|
| 650 |
|
2 |
|a Economics, Nursing.
|
| 650 |
|
7 |
|a Nursing.
|2 fast
|0 (OCoLC)fst01041731
|
| 650 |
|
7 |
|a Nursing
|x Economic aspects.
|2 fast
|0 (OCoLC)fst01041755
|
| 655 |
|
0 |
|a Electronic journals.
|
| 776 |
0 |
8 |
|i Print version:
|t Nursing economic$
|x 0746-1739
|w (DLC) 83008628
|w (OCoLC)9819144
|
| 856 |
4 |
0 |
|z Full text available from Research Library: 01/01/1998 to present
|u https://search.proquest.com/publication/30765
|